000 03708cam a22006854i 4500
003 PE-LiUPU
005 20250731172857.0
008 161111s2012 ag r 000 0 spa d
020 _a9789875674080
_q(Obra completa)
020 _a9789875674097
_q(Tomo 1)
020 _a9789877013795
_q(Tomo 2)
035 _a(Sirsi) a165043
040 _aPE-LiUPU
_bspa
_cPE-LiUPU
_erda
041 1 _aspa;
_heng
050 _aBX6158.9
_a.A1
_aC65
_a2005
082 0 4 _a248.5
_bC75
082 0 4 _a286.732092
_bC75
_221
100 1 _aCollins, Norma J.,
_eautor.
245 1 0 _aRelatos inspiradores de pioneros adventistas :
_cNorma J. Collins.
264 1 _aFlorida :
_bAsociación Casa Editora Sudamericana,
_c[2008].
300 _a02 tomos (453 páginas) ;
_c21 centímetros.
336 _atext
_2rdacontent
337 _aunmediated
_2rdamedia
338 _avolume
_2rdacarrier
505 0 _gTomo 1.
_tVerás a tu señor viniendo --
_gTomo 2.
_tSus obras los siguen.
526 _aSEG42
526 _aSEG41
526 _aSEG40
526 _aSEG39
526 _aP94
526 _aP87
526 _aP86
526 _aP85
526 _aP77
526 _aP76
526 _aP35
534 _aTitulo origianal:
_tHeartwarming Stories of Adventist Pioneers, Review and Herald Publ..
541 _g0800-0000074;
650 0 4 _aRelatos.
650 0 4 _aVida Cristiana.
700 1 _aSamojluk, Doris,
_etraductora.
910 _cdgt
910 _ajck
_bncf
_cncf
_d20170202
942 _2ddc
_cBOOK
949 _aBX6158.9 .A1 C65 2005
_wLC
_c1
_iCW00290
_lCIW
_mBUL
_p00.00
_r1
_sY
_tBOOK
_u2017-03-23
_xWHITE
_zUNKNOWN
_0COMPRA
_o.STAFF. Centro White
596 _a1 2 4
999 _a248.5 C75 1
_wDEWEY
_c13836
_iFT03115
_f2019-2-20
_g1
_lCATALOGING
_mBUT
_p13.00
_r0
_sY
_tBOOK
_u2016-11-11
_xBIBLIOTECA
_zUNKNOWN
_0COMPRA
_o.STAFF. Colección General
_d13836
999 _a248.5 C71 2
_wDEWEY
_c1
_iFT03116
_f2019-2-20
_g1
_lCCODEBUT1
_mBUT
_p13.00
_r0
_sY
_tBOOK
_u2016-11-11
_xBIBLIOTECA
_zUNKNOWN
_0COMPRA
_o.STAFF. Colección General
999 _a248.5 C75 2
_wDEWEY
_c1
_i75335
_d2018-11-28
_e2018-10-15
_f2021-11-10
_g5
_lCCODEBUL1
_mBUL
_n1
_p6.10
_q2
_r0
_sY
_tBOOK
_u2017-2-2
_xTEOLOGIA
_PP35
_0COMPRA
_o.STAFF. Colección Teologia
999 _a248.5 C75 2
_wDEWEY
_c2
_i75336
_d2018-10-11
_e2018-10-9
_f2021-11-10
_g5
_lCCODEBUL1
_mBUL
_n6
_p6.10
_r0
_sY
_tBOOK
_u2017-2-2
_xTEOLOGIA
_PP35
_0COMPRA
_o.STAFF. Colección Teologia
999 _a248.5 C75 2
_wDEWEY
_c3
_i75337
_f2021-11-10
_g5
_lCCODEBUL1
_mBUL
_p6.10
_r0
_sY
_tBOOK
_u2017-2-2
_xTEOLOGIA
_PP35
_0COMPRA
_o.STAFF. Colección Teologia
999 _a286.732092 C75 V.2 2005
_wDEWEY
_c1
_iCW00341
_f2021-12-23
_g1
_mBWL
_p6.00
_r0
_sY
_tBOOK
_u2017-4-20
_xWHITE
_zUNKNOWN
_0COMPRA
_o.STAFF. Centro White
999 _a286.732092 C75 V.2 2005
_wDEWEY
_c2
_iCW00342
_f2021-12-23
_g2
_lCCODECWL1
_mBWL
_p6.00
_r0
_sY
_tBOOK
_u2017-4-20
_xWHITE
_zUNKNOWN
_0COMPRA
_o.STAFF. Centro White
999 _a286.732092 C75 V.2 2005
_wDEWEY
_c3
_iCW00343
_f2021-12-23
_g2
_lCCODECWL1
_mBWL
_r0
_sY
_tBOOK
_u2017-4-20
_xWHITE
_zUNKNOWN
_0COMPRA
999 _a286.732092 C75 V.2 2005
_wDEWEY
_c4
_iCW00290
_f2021-12-23
_g2
_lCCODECWL1
_mBWL
_r0
_sY
_tBOOK
_u2017-4-20
_xWHITE
_zUNKNOWN
_0COMPRA
_o.STAFF. Centro White
999 _a286.732092 C75 V.1 2005
_wDEWEY
_c1
_iCW00324
_f2021-12-23
_g2
_lCCODECWL1
_mBWL
_p11.00
_r0
_sY
_tBOOK
_u2017-5-5
_xWHITE
_zUNKNOWN
_0COMPRA
_o.STAFF. Centro White
980 _81
_gALBERTO SANCHEZ Responsable de Automatización